000 00918nam a22002057a 4500
999 _c57365
_d57365
003 Ge_BSU
005 20200603135813.0
008 200603s2004 xxu||||| |||| 00| 0 geo d
041 _ageo
080 _a581.526.42 ც-77
100 _aციცვიძე ალექსანდრე.
_98293
245 _aდენდროლოგია : ნაწ.1
_bშიშველთესლოვანები /
_cალექსანდრე ციცვიძე ; გიორგი გიგაური ; გიორგი გაგოშიძე.
264 _aთბილისი :
_bგანათლება,
_c2004.
300 _a236 გვ.;
_c20 სმ.
653 _aდენდროლოგია
653 _aბოტანიკა
700 _aგიგაური, გიორგი
_95991
700 _aგაგოშიძე, გიორგი
_98294
942 _2udc
_cBK